[Event "Mittelrhein Verbandsliga-N 17/18"]
[Site "Nordrheinwestfalen"]
[Date "2018.03.18"]
[Round "9.5"]
[White "Proba, Stefan"]
[Black "Roehrig, Kurt"]
[Result "1/2-1/2"]
[WhiteElo "1891"]
[BlackElo "1793"]
[PlyCount "87"]
[EventDate "2017.09.10"]
[EventType "team-swiss"]
[EventRounds "11"]
[EventCountry "GER"]
[SourceTitle "EXT 2022"]
[Source "ChessBase"]
[SourceDate "2021.10.06"]
[SourceVersion "1"]
[SourceVersionDate "2021.10.06"]
[SourceQuality "1"]
[WhiteTeam "Koeln Ford SF"]
[BlackTeam "Koeln Muelheim"]
[WhiteTeamCountry "GER"]
[BlackTeamCountry "GER"]

1. d4 d5 2. Nf3 Nf6 3. c4 c6 4. Nc3 e6 5. Bg5 Be7 6. e3 Nbd7 7. Qc2 h6 8. Bh4 0-0 9. Bd3 Re8 10. h3 dxc4 11. Bxc4 c5 12. 0-0 cxd4 13. Nxd4 a6 14. a3 Ne5 15. Be2 Bd7 16. Rfd1 Qb6 17. Bg3 Nc6 18. Nf3 Rac8 19. Rac1 Red8 20. Qb1 Qa5 21. Bd6 Bxd6 22. Rxd6 Qc7 23. Rdd1 Qa5 24. Ne4 Nxe4 25. Qxe4 Qb6 26. Rd2 Be8 27. Rcd1 Rxd2 28. Rxd2 Rd8 29. Rxd8 Nxd8 30. b4 Qc7 31. Qc4 Qxc4 32. Bxc4 Kf8 33. Kf1 Ke7 34. Ke1 Bc6 35. Be2 b5 36. g3 Bb7 37. Ne5 Kd6 38. Nd3 Nc6 39. Nc5 Bc8 40. f4 Nb8 41. h4 Nd7 42. Ne4+ Ke7 43. Kd2 f5 44. Nc5 1/2-1/2

[Event "Mittelrhein Verbandsliga-N 17/18"]
[Site "Nordrheinwestfalen"]
[Date "2018.01.14"]
[Round "6.6"]
[White "Brungs, Sven"]
[Black "Proba, Stefan"]
[Result "1/2-1/2"]
[WhiteElo "1762"]
[BlackElo "1891"]
[PlyCount "56"]
[EventDate "2017.09.10"]
[EventType "team-swiss"]
[EventRounds "11"]
[EventCountry "GER"]
[SourceTitle "EXT 2022"]
[Source "ChessBase"]
[SourceDate "2021.10.06"]
[SourceVersion "1"]
[SourceVersionDate "2021.10.06"]
[SourceQuality "1"]
[WhiteTeam "Porz SG IV"]
[BlackTeam "Koeln Ford SF"]
[WhiteTeamCountry "GER"]
[BlackTeamCountry "GER"]

1. b4 Nf6 2. Bb2 g6 3. Nf3 Bg7 4. e3 0-0 5. c4 d6 6. Nc3 e5 7. Be2 Nbd7 8. 0-0 Re8 9. a3 a6 10. Rb1 Qe7 11. Re1 e4 12. Nd4 Rb8 13. Ba1 Ne5 14. Qc2 Nc6 15. Nb3 Bg4 16. Nd5 Nxd5 17. Bxg4 Nf6 18. Be2 Ne5 19. Nc1 h5 20. d4 Neg4 21. h3 Nh6 22. d5 Nd7 23. Nb3 Bxa1 24. Rxa1 Nf5 25. Kh1 Qh4 26. Bf1 Qf6 27. Red1 g5 28. Nd2 Qe5 1/2-1/2

[Event "Cologne Longerich op 6th"]
[Site "Cologne"]
[Date "2009.08.21"]
[Round "1"]
[White "Mladenov, Svetlin"]
[Black "Proba, Stefan"]
[Result "1-0"]
[WhiteElo "2395"]
[BlackElo "1893"]
[PlyCount "57"]
[EventDate "2009.08.21"]
[EventType "swiss"]
[EventRounds "5"]
[EventCountry "GER"]
[SourceTitle "EXT 2012"]
[Source "ChessBase"]
[SourceDate "2011.11.24"]
[SourceVersion "1"]
[SourceVersionDate "2011.11.24"]
[SourceQuality "1"]

1. e4 c6 2. d4 d5 3. exd5 cxd5 4. c4 Nf6 5. Nc3 e6 6. Nf3 Bb4 7. cxd5 exd5 8. Qa4+ Nc6 9. Bb5 Bxc3+ 10. bxc3 0-0 11. 0-0 Qc7 12. Ba3 Re8 13. Ne5 Nxe5 14. Bxe8 Nf3+ 15. gxf3 Bh3 16. Qb4 Rxe8 17. Rfe1 Rxe1+ 18. Rxe1 h6 19. Re5 Nd7 20. Re8+ Kh7 21. Qb1+ f5 22. Qe1 Nb6 23. Qe6 Nd7 24. Qg8+ Kg6 25. Re7 Qxc3 26. Rxg7+ Kh5 27. Qf7+ Kh4 28. Be7+ Nf6 29. Bxf6# 1-0

[Event "Cologne Ford op"]
[Site "Cologne"]
[Date "2009.05.18"]
[Round "4"]
[White "Proba, Stefan"]
[Black "Knuetter, Helmut"]
[Result "1-0"]
[WhiteElo "1871"]
[BlackElo "1699"]
[PlyCount "103"]
[EventDate "2009.04.27"]
[EventType "swiss"]
[EventRounds "7"]
[EventCountry "GER"]
[SourceTitle "EXT 2011"]
[Source "ChessBase"]
[SourceDate "2010.11.26"]
[SourceVersion "1"]
[SourceVersionDate "2010.11.26"]
[SourceQuality "1"]

1. d4 Nf6 2. c4 e6 3. Nc3 Bb4 4. g3 Ne4 5. Qd3 f5 6. Bg2 Nxc3 7. bxc3 Be7 8. e4 0-0 9. exf5 exf5 10. Ne2 c6 11. 0-0 Na6 12. Re1 Nc7 13. d5 Ne8 14. Nd4 g6 15. Bh6 Ng7 16. Re2 c5 17. Nf3 d6 18. Rae1 Bf6 19. h4 Bd7 20. Ng5 Qa5 21. Ne6 Bxe6 22. dxe6 Bxc3 23. Rc1 Be5 24. Rxe5 dxe5 25. Qd7 Ne8 26. Bxf8 Qc7 27. Qxc7 Nxc7 28. Bxc5 e4 29. e7 b6 30. Ba3 Ne6 31. Rd1 Re8 32. Rd7 a5 33. Bf1 Nc5 34. Bxc5 bxc5 35. Rc7 Kf7 36. Rxc5 Rxe7 37. Rxa5 e3 38. fxe3 Rxe3 39. Kf2 Rc3 40. a4 h6 41. Ra6 Kg7 42. a5 g5 43. hxg5 hxg5 44. Rc6 g4 45. a6 Rf3+ 46. Kg2 Ra3 47. c5 Ra2+ 48. Kg1 Ra3 49. Kh2 Ra2+ 50. Bg2 Kf7 51. Rc7+ Ke6 52. a7 1-0

[Event "Cologne-ch 55th"]
[Site "Cologne"]
[Date "2008.02.27"]
[Round "4"]
[White "Proba, Stefan"]
[Black "Scholzen, Wolfgang"]
[Result "1/2-1/2"]
[WhiteElo "2032"]
[BlackElo "2000"]
[PlyCount "85"]
[EventDate "2008.01.29"]
[EventType "swiss"]
[EventRounds "7"]
[EventCountry "GER"]
[SourceTitle "EXT 2010"]
[Source "ChessBase"]
[SourceDate "2010.11.25"]
[SourceVersion "1"]
[SourceVersionDate "2010.11.25"]
[SourceQuality "1"]

1. d4 Nf6 2. Bg5 d5 3. e3 e6 4. Bd3 Nbd7 5. Nd2 Bd6 6. Ngf3 0-0 7. c3 e5 8. dxe5 Nxe5 9. Nxe5 Bxe5 10. Qc2 h6 11. Bh4 c5 12. Nf3 Bd6 13. 0-0-0 Be7 14. Bf5 Qa5 15. Bxc8 Raxc8 16. Kb1 Rfd8 17. Qf5 Rc6 18. Bxf6 Rxf6 19. Qe5 Re6 20. Qf5 Ra6 21. a3 Rb6 22. Kc1 c4 23. Ne5 Rf6 24. Qc2 Rb6 25. Qf5 Rf6 26. Qc2 Qc7 27. f4 Bc5 28. Rhe1 Rb6 29. g4 Qe7 30. Kd2 Qh4 31. Re2 Re6 32. Kc1 f6 33. Qf5 Ree8 34. Ng6 Qh3 35. e4 Be3+ 36. Kb1 Qf3 37. Rde1 Bf2 38. e5 Bxe1 39. Rxe1 Qf2 40. Rd1 fxe5 41. Nxe5 Qg2 42. Nf7 Rf8 43. Nxh6+ 1/2-1/2